| 000 | 00823nam a22001937a 4500 | ||
|---|---|---|---|
| 003 | OSt | ||
| 005 | 20250826194223.0 | ||
| 008 | 240821b ||||| |||| 00| 0 eng d | ||
| 040 | _c0 | ||
| 082 | _aDPer 364.05 5826 Summer-Fall 2021 v. 111 n. 3-4 | ||
| 100 |
_aHeiny, Louisa M.A. _eauthor. _958797 |
||
| 245 |
_aToward a more perfect trail : _bamending federal rules of evidence 106 and 803 to complete the rule of completeness / _cLoiusa M.A. Heiny, and Emily Nuvan. |
||
| 260 |
_aEvanston ; _bNorthwestern University Press , _cFall 2021. |
||
| 300 |
_aVolume 111, pages 839-908 : _billustration ; _c26 cm. |
||
| 500 | _aThe Journal of Criminal Law and Criminology, vol. 111, no. 4, pages 839-908, Fall 2021. | ||
| 700 |
_aHeiny, Louisa M.A. _eauthor. _958797 |
||
| 700 |
_aNuvan, Emily. _eauthor. _958798 |
||
| 942 |
_2ddc _cPER |
||
| 999 |
_c20808 _d20808 |
||